日本のひらがなを含む市町村 - Statistics

General Stats
  • This quiz has been taken 1,816 times
    1,652 since last reset
  • The average score is 29 of 52
Answer Stats
都道府県 市町村 % Correct
東京都 あきる野市
89%
茨城県 つくば市
81%
茨城県 つくばみらい市
79%
沖縄県 うるま市
78%
福井県 あわら市
71%
埼玉県 さいたま市
71%
青森県 むつ市
71%
愛知県 あま市
70%
鹿児島県 いちき串木野市
70%
香川県 東かがわ市
70%
福島県 いわき市
68%
茨城県 ひたちなか市
67%
茨城県 かすみがうら市
66%
栃木県 さくら市
66%
三重県 いなべ市
65%
群馬県 みどり市
63%
千葉県 いすみ市
61%
福岡県 うきは市
60%
香川県 さぬき市
60%
静岡県 伊豆の国市
60%
宮崎県 えびの市
59%
群馬県 みなかみ町
59%
石川県 かほく市
57%
秋田県 にかほ市
57%
愛知県 みよし市
57%
青森県 つがる市
56%
高知県 いの町
55%
香川県 まんのう町
54%
鹿児島県 南さつま市
54%
和歌山県 紀の川市
53%
青森県 おいらせ町
52%
北海道 えりも町
51%
北海道 新ひだか町
51%
兵庫県 南あわじ市
51%
兵庫県 たつの市
50%
埼玉県 ふじみ野市
49%
島根県 隠岐の島町
46%
福井県 おおい町
45%
埼玉県 ときがわ町
45%
熊本県 あさぎり町
44%
東京都 日の出町
44%
和歌山県 かつらぎ町
41%
和歌山県 すさみ町
41%
鹿児島県 さつま町
40%
北海道 せたな町
40%
北海道 むかわ町
39%
福岡県 みやま市
38%
和歌山県 みなべ町
37%
徳島県 東みよし町
37%
佐賀県 みやき町
34%
福岡県 みやこ町
34%
徳島県 つるぎ町
33%
No matching quizzes found
Score Distribution
Percent of People with Each Score
Percentile by Number Answered
Your Score History
You have not taken this quiz since the last reset